Příprava a operativní řízení výroby

Enregistré dans:
Détails bibliographiques
Auteur principal: Kotlasová, Eva
Autres auteurs: Benešová, Alena, Hrůzová, Helena
Format: Livre
Langue:tchèque
Publié: Praha Státní nakladatelství technické literatury 1990
Tags: Ajouter un tag
Pas de tags, Soyez le premier à ajouter un tag!

MARC

LEADER 00000nam a2200000 4500
001 c030477
005 20250930081129.0
041 0 |a cze 
044 |a CZ 
245 1 0 |a Příprava a operativní řízení výroby  |c Eva Kotlasová, Alena Benešová, Helena Hrůzová 
264 1 |a Praha  |b Státní nakladatelství technické literatury  |c 1990 
300 |a 265 s.  |e príl. tab. 
100 1 |a Kotlasová, Eva 
700 1 |a Benešová, Alena 
700 1 |a Hrůzová, Helena